Bibliometric insights into sustainable tourism: Analyzing research trends and knowledge gaps (Record no. 530996)

000 -LEADER
fixed length control field 01789nam a22001457a 4500
008 - FIXED-LENGTH DATA ELEMENTS--GENERAL INFORMATION
fixed length control field 250722b ||||| |||| 00| 0 eng d
100 ## - MAIN ENTRY--PERSONAL NAME
Personal name Philip, Ginu and Rajendran, S.
245 ## - TITLE STATEMENT
Title Bibliometric insights into sustainable tourism: Analyzing research trends and knowledge gaps
260 ## - PUBLICATION, DISTRIBUTION, ETC. (IMPRINT)
Place of publication, distribution, etc Social Science in Perspective
300 ## - PHYSICAL DESCRIPTION
Extent 17(2), Apr-Jun, 2025: p. 219-240
520 ## - SUMMARY, ETC.
Summary, etc Sustainable tourism plays a pivotal role in achieving the United Nations Sustainable Development (SDGs) by promoting economic growth, environmental preservation, and social equity. This study describes a bibliometric analysis to examine the evolution, trends and knowledgw gaps within the sustainable tourism research landscape from 2023 to 2024. Data extracted from Web od Science database. Key research themes include environmental impact assessment, community engagement, and the integration of technology in sustainable practices. However, the analysis also identifies notable gaps, such as limited studies on the long- term socio-economic impacts of sustainable tourism, regional disparities in research focus, and in sufficient interdisciplinary approaches. Additionally, the linkage between sustainable tourism initiatives and specific SDGs, such as Decent work and economic growth (SDG 8) and Responsible consumption and protection (SDG 12) and Climate action (SDG 13), remains inderexplored. This study highlights the need for future research to address these gaps by fostering interdisciplinary collaborations, enhancing regional studies, and deepening the integration of sustainable tourism with the broader SDG framework.
650 ## - SUBJECT ADDED ENTRY--TOPICAL TERM
Topical term or geographic name as entry element Sustainable tourism, bibliometric analysis, SDGs, environmental impact, VOS viewer
9 (RLIN) 55570
942 ## - ADDED ENTRY ELEMENTS (KOHA)
Item type Articles
Holdings
Withdrawn status Lost status Source of classification or shelving scheme Damaged status Not for loan Permanent location Current location Date acquired Barcode Date last seen Koha item type
          Indian Institute of Public Administration Indian Institute of Public Administration 2025-07-22 AR136739 2025-07-22 Articles

Powered by Koha